00210nam a22000977a 4500082002200000100001600022245003500038260000900073300000800082650002200090 a181.079 SHA Vol-1 aSharif M.M. aA History of Muslim Philosophy c1963 a787 aIslam- Philosophy